Orson de Beauvais (Record no. 161074)
[ view plain ]
| 000 -LEADER | |
|---|---|
| campo de control de longitud fija | 00858nam a2200205 i 4500 |
| 001 - NÚMERO DE CONTROL | |
| campo de control | 161074 |
| 003 - IDENTIFICADOR DE NÚMERO DE CONTROL | |
| campo de control | ES-MaACL |
| 005 - FECHA Y HORA DE LA ÚLTIMA TRANSACCIÓN | |
| campo de control | 20250905135258.0 |
| 008 - DATOS DE LONGITUD FIJA--INFORMACIÓN GENERAL | |
| campo de control de longitud fija | 041013s1899 fr |||| | fre d |
| 040 ## - FUENTE DE CATALOGACIÓN | |
| Centro catalogador/agencia de origen | CAM |
| Lengua de catalogación | spa |
| Centro/agencia transcriptor | CAM |
| 245 00 - MENCIÓN DEL TÍTULO | |
| Título | Orson de Beauvais |
| Resto del título | : chanson de geste du XIIe siècle / |
| Mención de responsabilidad, etc. | publié d'après le manuscrit unique de Cheltenham par Gaston Paris. |
| 260 ## - PUBLICACIÓN, DISTRIBUCIÓN, ETC. | |
| Lugar de publicación, distribución, etc. | Paris : |
| Nombre del editor, distribuidor, etc. | Librairie de Firmin Didot et C. : |
| -- | [Sociéte des Anciens Textes Français], |
| Fecha de publicación, distribución, etc. | 1899 ( |
| Lugar de fabricación/manufactura | Le Puy-en-Velay : |
| Fabricante | Imp. Régis Marchessou) |
| 300 ## - DESCRIPCIÓN FÍSICA | |
| Extensión | LXXX, 190, [6] p. ; |
| Dimensiones | 23 cm. |
| 650 07 - PUNTO DE ACCESO ADICIONAL DE MATERIA--TÉRMINO DE MATERIA | |
| Término de materia o nombre geográfico como elemento de entrada | Poesía épica francesa |
| Fuente del encabezamiento o término | embne |
| 9 (RLIN) | 136738 |
| 655 #7 - TERMINO DE INDIZACIÓN--GENERO/FORMA | |
| Fuente del término | tgfbne |
| Datos o término principal de género/forma | Poesías |
| 9 (RLIN) | 176539 |
| 700 1# - ENTRADA AGREGADA--NOMBRE PERSONAL | |
| Nombre de persona | Paris, Gaston, |
| Fechas asociadas al nombre | 1839-1903 |
| 9 (RLIN) | 89136 |
| 852 ## - LOCALIZACIÓN | |
| Ubicación | ES-MaACL |
| Número de control de estantería | C-3185 |
| Nota libre | -- Enc. ed. en tela conel sello del ed. en hierros dorados |
| 942 ## - ELEMENTOS DE ENTRADA SECUNDARIOS (KOHA) | |
| Fuente del sistema de clasificación o colocación | Clasificación decimal universal |
| Estatus retirado | Estado de pérdida | Estado de daño | No para préstamo | Colección | Biblioteca de origen | Biblioteca actual | Ubicación en estantería | Fecha de adquisición | Fuente de adquisición | Total de préstamos | Signatura topográfica completa | Código de barras | Visto por última vez | Precio de reemplazo | Tipo de ítem Koha |
|---|---|---|---|---|---|---|---|---|---|---|---|---|---|---|---|
| Libros del s. XIX | Biblioteca del Ateneo de Madrid | Biblioteca del Ateneo de Madrid | Sala Palomar | 17/01/2008 | C-3185 | 1168711 | 23/02/2023 | 23/02/2023 | Libro impreso antiguo |
